000 00466cam a22001575a 4500
001 J100800
008 000000s1914 xxk 000 0 eng u
035 _a(Sirsi) u100800
110 _aAuctioneers' and Estate Agents' Institute of the United Kingdom
_93789
245 _aRegulations and syllabus of the examinations to be held in March 1915.
260 _c1914
300 _a32p.
651 4 _aUnited Kingdom
_y
690 _aBusiness and management
942 _n0
999 _c99839
_d99839